Arrotza (Record no. 39297)

MARC details
000 -LEADER
campo de control de longitud fija 00587nam a2200193 i 4500
001 - NÚMERO DE CONTROL
campo de control 39297
003 - IDENTIFICADOR DE NÚMERO DE CONTROL
campo de control ES-MaACL
005 - FECHA Y HORA DE LA ÚLTIMA TRANSACCIÓN
campo de control 20250607063017.0
007 - CAMPO FIJO DE DESCRIPCIÓN FÍSICA--INFORMACIÓN GENERAL
campo de control de longitud fija t|
008 - DATOS DE LONGITUD FIJA--INFORMACIÓN GENERAL
campo de control de longitud fija 030227s1970 sp ||||1| baq d
080 ## - NÚMERO DE LA CLASIFICACIÓN DECIMAL UNIVERSAL
Número de la Clasificación Decimal Universal 821.133.1-31"19"
100 1# - ENTRADA PRINCIPAL--NOMBRE DE PERSONA
Nombre de persona Camus, Albert,
Fechas asociadas al nombre 1913-1960
9 (RLIN) 240798
245 10 - MENCIÓN DEL TÍTULO
Título Arrotza
Resto del título : (L'etranger) /
Mención de responsabilidad, etc. Albert Camus ; euskeratzaile, J. M. Agirre.
260 ## - PUBLICACIÓN, DISTRIBUCIÓN, ETC.
Lugar de publicación, distribución, etc. [San Sebastián :
Nombre del editor, distribuidor, etc. Herri-Gogoa,
Fecha de publicación, distribución, etc. 1970] (
Fabricante Izarra)
300 ## - DESCRIPCIÓN FÍSICA
Extensión 110 p. ;
Dimensiones 18 cm.
700 0# - ENTRADA AGREGADA--NOMBRE PERSONAL
Nombre de persona Aguirre, J. M.
9 (RLIN) 18820
852 ## - LOCALIZACIÓN
Ubicación ES-MaACL
Número de control de estantería C-52731
Sublocalización o colección R.76797
Holdings
Estatus retirado Estado de pérdida Estado de daño No para préstamo Biblioteca de origen Biblioteca actual Ubicación en estantería Fecha de adquisición Fuente de adquisición Total de préstamos Signatura topográfica completa Código de barras Visto por última vez Precio de reemplazo Tipo de ítem Koha
        Biblioteca del Ateneo de Madrid Biblioteca del Ateneo de Madrid Depósito 2 17/01/2008     C-52731 1041384 23/02/2023 23/02/2023 Libro impreso